| 000 | 00956cab a22001935a 4500 | ||
|---|---|---|---|
| 001 | L143322 | ||
| 008 | 080425s2008 xxka f 000 0 eng d | ||
| 035 | _a(Sirsi) u143322 | ||
| 041 | 0 | _aeng | |
| 100 | 1 | _aBunn, Roderic | |
| 245 | 0 | 0 | _aShade2Green |
| 260 | _c2008 | ||
| 490 | 0 |
_aBuilding Services Journal _v30(4) April 2008, 35-42(8) |
|
| 520 | _aAssesses the achievements of CH2, an office block in Melbourne, Australia, which aims to be the world's greenest office building. Discusses Australia's determination to change its bad record on the environment, since Kevin Rudd became Prime Minister in 2007. Covers: design issues; energy systems; in-use performance; assessment. Includes graphs showing the operation of the phase-change tanks on a warm April day and night-purge cycle for a typical 24-hour period in April warm weather. | ||
| 590 | _aKA | ||
| 651 | 4 | _aAustralia | |
| 690 | _aBUILT ENVIRONMENT-SUSTAINABLE CONSTRUCTION | ||
| 942 | _n0 | ||
| 999 |
_c80139 _d80139 |
||